| 000 | 00503nam a2200181Ia 4500 | ||
|---|---|---|---|
| 008 | 240925s9999 xx 000 0 und d | ||
| 020 | _a60462345 | ||
| 082 | _a620.112 SIN | ||
| 100 | _aSinger ,Erdinand L. | ||
| 245 | 0 | _aProblem Supplement (U.S Customary) Units to Accompany: strength of materials | |
| 250 | _aNA | ||
| 260 |
_aNew York: _bHarpper and Row _c,1983. |
||
| 300 |
_axxii,584p. _bNA _fOriginal |
||
| 500 | _aNA | ||
| 600 | _aElectrical Engineering | ||
| 650 | _aTechnology | ||
| 942 | _cBK | ||
| 999 |
_c3813 _d3813 |
||